000 00597nam a22001937a 4500
999 _c15337
_d15337
003 AR-CdUCM
008 190426b ||||| |||| 00| 0 spa d
020 _a978-84-683-0883-8
040 _aMUNICIPALIDAD PROVINCIAL DEL CUSCO
_cBIBLIOTECA MUNICIPAL DEL CUSCO
082 _aEP / 801 /
_bP66
100 _aPlaza, José María
_926893
245 _aZoovivo :
_bPoemas con animales /
260 _aBarcelona :
_bEdebé,
_c2013.
300 _c20 cm.
_bIlustraciones,
650 _a infantiles
_917400
700 _aRuiz de la Prada, Agatha
_934380
942 _2ddc
_cLIBROS
945 _arah
_d26/04/2019